| 000 | 00727nam a22002057a 4500 | ||
|---|---|---|---|
| 003 | BD-DhUL | ||
| 005 | 20180123113407.0 | ||
| 008 | 180123s1997 bg ||||| |||| 00| 0 ben d | ||
| 020 | _a9844651298 | ||
| 040 |
_aBD-DhUL _cBD-DhUL |
||
| 082 |
_a891.443 _bDAF |
||
| 100 | 1 | _aদত্ত, জ্যোতি প্রকাশ | |
| 245 | 1 |
_aফিরে যাও জ্যোৎস্নায় / _cজ্যোতি প্রকাশ দত্ত |
|
| 260 |
_aঢাকা : _bসাহিত্য প্রকাশ, _c১৯৯৭। |
||
| 300 |
_a৭৪পৃ. ; _c২২ সেমি. |
||
| 365 |
_aBDT _b50.00 |
||
| 650 | 0 | _aবাংলা উপন্যাস | |
| 650 | 0 | _aBengali fiction | |
| 942 |
_2ddc _cBK |
||
| 999 |
_c237341 _d237341 |
||